000 00569nam a2200181Ia 4500
008 100920s9999 xx 000 0 und d
082 _b64039
_a61 थ 63
100 _aपानवलकर श्री.दा.
245 _aऔदुंबर.
260 _bमौज प्रकाशन गृह, मुंबई.
_c1963
300 _a206
_bसाधी
365 _b6
520 _aस्थानिक वाचन.
630 _aऔदुंबर.
650 _aस्थानिक वाचन.
730 _aऔदुंबर.
942 _cBOOK
999 _c707117
_d707114